Loading...
| Fine Arts - Other Fine Arts | 2 | 2 | 0 | 0 | 50 | 31 | 96.50 | 0 | 2 |
| Social Science | 0 | 5 | 1 | 2 | 45 | 88 | 129.00 | 0 | 1 |
| Other Academic | 1 | 2 | 1 | 0 | 30 | 47 | 84.00 | 1 | 2 |
| Current Events | 1 | 0 | 0 | 0 | 15 | 35 | 35.00 | 1 | 1 |
| History - American History | 1 | 0 | 0 | 0 | 15 | 48 | 48.00 | 0 | 1 |
| Literature - Drama | 0 | 2 | 1 | 0 | 15 | 136 | 142.00 | 0 | 0 |
| History - Other History | 0 | 1 | 0 | 0 | 10 | 80 | 80.00 | 0 | 0 |
| Science - Biology | 1 | 0 | 1 | 0 | 10 | 71 | 71.00 | 1 | 1 |
| Fine Arts - Painting and Sculpture | 0 | 1 | 0 | 0 | 10 | 153 | 153.00 | 0 | 0 |
| Literature - Misc Literature | 0 | 1 | 1 | 0 | 5 | 135 | 135.00 | 0 | 0 |
| Geography | 0 | 1 | 1 | 0 | 5 | 108 | 108.00 | 0 | 0 |
| Literature - Long Fiction | 0 | 0 | 1 | 0 | -5 | 0.00 | 0 | 0 | |
| Fine Arts - Classical Music | 0 | 0 | 2 | 0 | -10 | 0.00 | 0 | 0 |